000 00586nam a2200229Ia 4500
003 OSt
005 20220924140629.0
006 a|||||r|||| 00| 0
007 ta
008 220923b |||||||| |||| 00| 0 san d
024 _a295772
037 _cTextual
040 _aARTS
_cARTS
_bsan
041 _2san
_asan
082 _aO157,3N042,48, N2
100 _aMitra Premendra
_9144388
245 0 _aMangla graha ghanada
260 _c1992
650 _aBENGALI LITERATURE
942 _hO157,3N042,48, N2
_cTEXL
_2CC
999 _c444927
_d444927